Majú absolventi vysokých škôl na Slovensku uplatnenie na trhu práce?
Vysokoškolské vzdelávanie na vysokých školách v akademickom roku 2014/2015 na Slovensku. Nárast záujmu o terciárne vzdelávanie podľa vekových kategórií. Najviac uplatniteľné študijné odbory v praxi - zamestnateľnosť a trh práce. Využitie všeobecných zručností (soft skills).
Guardado en:
| Autor principal: | |
|---|---|
| Otros Autores: | |
| Formato: | Capítulo de libro |
| Lenguaje: | eslovaco |
| Materias: | |
| Etiquetas: |
Sin Etiquetas, Sea el primero en etiquetar este registro!
|
MARC
| LEADER | 00000naa a2200000 4500 | ||
|---|---|---|---|
| 001 | 0210328 | ||
| 005 | 20220715112328.3 | ||
| 041 | 0 | |a slo | |
| 044 | |a SK | ||
| 245 | 1 | 0 | |a Majú absolventi vysokých škôl na Slovensku uplatnenie na trhu práce? |c Jana Kozáková, Ján Uriga |
| 520 | |a Vysokoškolské vzdelávanie na vysokých školách v akademickom roku 2014/2015 na Slovensku. Nárast záujmu o terciárne vzdelávanie podľa vekových kategórií. Najviac uplatniteľné študijné odbory v praxi - zamestnateľnosť a trh práce. Využitie všeobecných zručností (soft skills). | ||
| 610 | 2 | 0 | |a školstvo |
| 610 | 2 | 0 | |a školy vysoké |
| 610 | 2 | 0 | |a univerzity |
| 610 | 2 | 0 | |a programy študijné |
| 610 | 2 | 0 | |a absolventi |
| 610 | 2 | 0 | |a zamestnateľnosť |
| 610 | 2 | 0 | |a zručnosti |
| 610 | 2 | 0 | |a trh práce |
| 100 | 1 | |a Kozáková, Jana | |
| 700 | 1 | |a Uriga, Ján | |